Информационные системы в экономике: учебное пособие

Detalles Bibliográficos
Outros autores: Чистов Д. В. (редактор)
Summary:Рассмотрены теоретические вопросы построения и функционирования экономических информационных систем, приведены их классификация и структура. Подробно описаны обеспечивающие подсистемы: информационное, программное, математическое, организационное и правовое обеспечение. Особое внимание уделяется проектированию баз данных и информационному хранилищу. Рассмотрены также интеллектуальные системы и технологии обработки данных, в частности экспертные системы и нейросетевые технологии. Раскрыты вопросы экономической эффективности и безопасности экономических информационных систем. Для студентов, аспирантов и преподавателей экономических вузов, а также для специалистов в области разработки экономических информационных систем.
Idioma:ruso
Publicado: Москва, Инфра-М, 2009
Series:Высшее образование
Subjects:
Formato: MixedMaterials Libro
KOHA link:https://koha.lib.tpu.ru/cgi-bin/koha/opac-detail.pl?biblionumber=183595

MARC

LEADER 00000nam0a2200000 4500
001 183595
005 20231101223753.0
010 |a 9785160035116 
035 |a (RuTPU)RU\TPU\book\199034 
090 |a 183595 
100 |a 20100813d2009 m y0rusy50 ca 
101 0 |a rus 
102 |a RU 
105 |a y j 001zy 
200 1 |a Информационные системы в экономике  |e учебное пособие  |f под ред. Д. В. Чистова 
210 |a Москва  |c Инфра-М  |d 2009 
215 |a 234 с. 
225 1 |a Высшее образование 
320 |a Библиогр.: с. 229-231. 
330 |a Рассмотрены теоретические вопросы построения и функционирования экономических информационных систем, приведены их классификация и структура. Подробно описаны обеспечивающие подсистемы: информационное, программное, математическое, организационное и правовое обеспечение. Особое внимание уделяется проектированию баз данных и информационному хранилищу. Рассмотрены также интеллектуальные системы и технологии обработки данных, в частности экспертные системы и нейросетевые технологии. Раскрыты вопросы экономической эффективности и безопасности экономических информационных систем. Для студентов, аспирантов и преподавателей экономических вузов, а также для специалистов в области разработки экономических информационных систем. 
606 |a Информационные системы в экономике  |2 stltpush  |3 (RuTPU)RU\TPU\subj\36208  |9 57669 
606 1 |a Информатика  |x Экономика  |2 stltpush  |3 (RuTPU)RU\TPU\subj\36203  |9 57665 
610 1 |a экономические информационные системы 
610 1 |a информационное обеспечение 
610 1 |a программное обеспечение 
610 1 |a математическое обеспечение 
610 1 |a организационное обеспечение 
610 1 |a правовое обеспечение 
610 1 |a технологические процессы 
610 1 |a проектирование 
610 1 |a интеллектуальные системы 
610 1 |a безопасность 
610 1 |a защита 
610 1 |a учебные пособия 
686 |a У9(2)39я73  |v LBC/SL-A  |2 rubbk 
702 1 |a Чистов  |b Д. В.  |4 340 
801 1 |a RU  |b 63413507  |c 20100813 
801 2 |a RU  |b 63413507  |c 20160118  |g RCR 
900 |a Информационные системы в экономике 
942 |c BK 
951 |b 080105  |b 080102  |b 080109  |b 080107 
959 |a 49/20100813  |d 7  |e 114,90  |f АНЛ:1  |f ЧЗГЛ:1  |f Ф_ТПУ_Новокузнецк:5